[Event "GBR-ch87"]
[Site "Millfield"]
[Date "2000.08.03"]
[Round "4.8"]
[White "Vigus, James"]
[Black "Wells, Peter"]
[Result "1/2-1/2"]
[WhiteElo "2266"]
[BlackElo "2506"]
[PlyCount "95"]
[EventDate "2000.07.31"]
[EventType "swiss"]
[EventRounds "11"]
[EventCountry "GBR"]
[SourceTitle "BritBase"]
[SourceDate "2008.07.14"]
[SourceVersion "1"]
[SourceVersionDate "2008.07.14"]
[SourceQuality "2"]

1. d4 Nf6 2. c4 e6 3. g3 d5 4. Bg2 Bb4+ 5. Bd2 Be7 6. Bc3 O-O 7. Nd2 c5 8. Ngf3
cxd4 9. Bxd4 Nc6 10. cxd5 Nxd4 11. Nxd4 Qb6 12. e3 exd5 13. Qb3 Qa5 14. Qd3 Bd7
15. O-O Rfc8 16. a3 Qb6 17. Qb1 a5 18. Qa2 Rc5 19. Rac1 Rac8 20. Rxc5 Rxc5 21.
Rd1 g6 22. Qb3 Qc7 23. Qd3 Ba4 24. Rf1 Qb6 25. Rb1 Qc7 26. Rf1 Bd7 27. N2b3 Rc4
28. Nd2 Rc5 29. N2b3 Rc4 30. Nd2 Rc1 31. Ne2 Rc2 32. Nc3 Rxb2 33. Nxd5 Nxd5 34.
Qxd5 Bc6 35. Qd4 Bxg2 36. Qxb2 Bxf1 37. Kxf1 Qc6 38. Qe5 Bxa3 39. Ne4 Qc1+ 40.
Kg2 Bb2 41. Nf6+ Kg7 42. Nh5+ Kf8 43. Qd6+ Ke8 44. Qb8+ Kd7 45. Qxb7+ Kd6 46.
Qb8+ Kd7 47. Qb7+ Kd6 48. Qb8+ 1/2-1/2

[Event "GBR-ch87"]
[Site "Millfield"]
[Date "2000.08.03"]
[Round "4.9"]
[White "Turner, Matthew"]
[Black "McFarland, Robert S"]
[Result "1-0"]
[WhiteElo "2491"]
[BlackElo "2267"]
[PlyCount "79"]
[EventDate "2000.07.31"]
[EventType "swiss"]
[EventRounds "11"]
[EventCountry "GBR"]
[SourceTitle "BritBase"]
[SourceDate "2008.07.14"]
[SourceVersion "1"]
[SourceVersionDate "2008.07.14"]
[SourceQuality "2"]

1. c4 g6 2. Nc3 Bg7 3. g3 d6 4. Bg2 Nf6 5. e4 c5 6. Nge2 Nc6 7. d3 a6 8. h3 Rb8
9. a4 O-O 10. O-O Ne8 11. Be3 Nd4 12. Rb1 Bd7 13. b4 b6 14. Bd2 Nc7 15. Nxd4
Bxd4 16. Ne2 Bg7 17. b5 a5 18. f4 f5 19. exf5 Bxf5 20. Bc3 e5 21. g4 Be6 22.
fxe5 Bxe5 23. Qd2 Bxc3 24. Nxc3 Rxf1+ 25. Rxf1 Qe7 26. Ne4 Rf8 27. Rxf8+ Qxf8
28. Qc3 h6 29. d4 Qg7 30. Nxd6 Qxd4+ 31. Qxd4 cxd4 32. Bf1 Kf8 33. c5 Nd5 34.
Nc4 Ke7 35. cxb6 Kd8 36. b7 Kc7 37. Nxa5 Bd7 38. Nb3 Nc3 39. Nc5 Be8 40. Bg2
1-0

[Event "GBR-ch87"]
[Site "Millfield"]
[Date "2000.08.03"]
[Round "4.10"]
[White "Evans-Quek, Suan"]
[Black "Pert, Nicholas"]
[Result "0-1"]
[WhiteElo "2261"]
[BlackElo "2455"]
[PlyCount "76"]
[EventDate "2000.07.31"]
[EventType "swiss"]
[EventRounds "11"]
[EventCountry "GBR"]
[SourceTitle "BritBase"]
[SourceDate "2008.07.14"]
[SourceVersion "1"]
[SourceVersionDate "2008.07.14"]
[SourceQuality "2"]

1. e4 e6 2. d3 d5 3. Qe2 Nc6 4. Nf3 e5 5. exd5 Qxd5 6. Nc3 Bb4 7. h3 Be6 8. a3
Bxc3+ 9. bxc3 Nge7 10. g3 f6 11. Bg2 Qd7 12. O-O O-O-O 13. Kh2 g5 14. Nd2 g4
15. h4 f5 16. Bb2 f4 17. Bxc6 Nxc6 18. c4 Bf5 19. gxf4 Nd4 20. Qxe5 Nxc2 21.
Rad1 Rhe8 22. Qa5 g3+ 23. Kxg3 Bh3 24. Rg1 Rg8+ 25. Kh2 Bg2 26. f5 Qe7 27. Rxg2
Qxh4+ 28. Kg1 Rxg2+ 29. Kxg2 Qg4+ 30. Kh2 Qh4+ 31. Kg2 Qg4+ 32. Kh2 Rg8 33.
Qxc7+ Kxc7 34. Be5+ Kc8 35. Bg3 Qxd1 36. Ne4 Qxd3 37. Nd6+ Kd7 38. Nf7 Qxf5 0-1

[Event "GBR-ch87"]
[Site "Millfield"]
[Date "2000.08.03"]
[Round "4.11"]
[White "Rayner, Francis"]
[Black "Webster, Andrew"]
[Result "0-1"]
[WhiteElo "2256"]
[BlackElo "2417"]
[PlyCount "66"]
[EventDate "2000.07.31"]
[EventType "swiss"]
[EventRounds "11"]
[EventCountry "GBR"]
[SourceTitle "BritBase"]
[SourceDate "2008.07.14"]
[SourceVersion "1"]
[SourceVersionDate "2008.07.14"]
[SourceQuality "2"]

1. e4 c5 2. Nf3 Nc6 3. Bb5 g6 4. O-O Bg7 5. Re1 e5 6. Bxc6 dxc6 7. d3 Qc7 8.
Be3 b6 9. a4 a5 10. Na3 Nf6 11. Nc4 Nd7 12. c3 Ba6 13. Qb3 O-O 14. h4 h6 15. h5
g5 16. Nfd2 b5 17. axb5 cxb5 18. Nxa5 Nf6 19. Qd1 Rfd8 20. Qe2 Bf8 21. Nf1 c4
22. dxc4 bxc4 23. Qf3 Be7 24. Ng3 Bc8 25. Bb6 Qxb6 26. Nxc4 Rxa1 27. Rxa1 Qb5
28. Qe2 Be6 29. b3 Qxb3 30. Nxe5 Qxc3 31. Ra7 Bc5 32. Nc6 Bxa7 33. Nxd8 Qxg3
0-1

[Event "GBR-ch87"]
[Site "Millfield"]
[Date "2000.08.03"]
[Round "4.12"]
[White "McMichael, Richard"]
[Black "Knott, Simon"]
[Result "0-1"]
[WhiteElo "2250"]
[BlackElo "2381"]
[PlyCount "98"]
[EventDate "2000.07.31"]
[EventType "swiss"]
[EventRounds "11"]
[EventCountry "GBR"]
[SourceTitle "BritBase"]
[SourceDate "2008.07.14"]
[SourceVersion "1"]
[SourceVersionDate "2008.07.14"]
[SourceQuality "2"]

1. b3 Nf6 2. Bb2 g6 3. e3 Bg7 4. c4 O-O 5. Nf3 d6 6. d4 Nbd7 7. Nc3 e5 8. Be2
Re8 9. Qc2 Nf8 10. O-O-O Qe7 11. h3 Bf5 12. Qd2 a6 13. Nh4 Be4 14. Nf3 Bf5 15.
g4 Ne4 16. Nxe4 Bxe4 17. h4 b5 18. Rh3 bxc4 19. Bxc4 d5 20. Be2 c5 21. dxe5 c4
22. bxc4 dxc4 23. Qc3 Rec8 24. h5 Rab8 25. Nd4 Nd7 26. hxg6 hxg6 27. e6 Ne5 28.
Ba3 Qe8 29. Kd2 fxe6 30. f3 Bd3 31. Rdh1 Rb1 32. Bd1 g5 33. f4 gxf4 34. exf4
Ng6 35. Rh7 Rc7 36. f5 exf5 37. Bf3 Qe5 38. Rxg7+ Rxg7 39. Rxb1 Bxb1 40. Qxc4+
Kh7 41. Bb2 Qf4+ 42. Kd1 fxg4 43. Bd5 Ne5 44. Qe2 Rd7 45. Qg2 Nf3 46. Qh1+ Kg6
47. Bxf3 Rxd4+ 48. Bxd4 Qxd4+ 49. Kc1 Bd3 0-1

[Event "GBR-ch87"]
[Site "Millfield"]
[Date "2000.08.03"]
[Round "4.13"]
[White "Williams, Simon K"]
[Black "Mahesh Chandran, Panjanathan"]
[Result "1-0"]
[WhiteElo "2353"]
[BlackElo "2238"]
[PlyCount "133"]
[EventDate "2000.07.31"]
[EventType "swiss"]
[EventRounds "11"]
[EventCountry "GBR"]
[SourceTitle "BritBase"]
[SourceDate "2008.07.14"]
[SourceVersion "1"]
[SourceVersionDate "2008.07.14"]
[SourceQuality "2"]

1. f4 d5 2. Nf3 Nf6 3. e3 c5 4. b3 Nc6 5. Bb2 g6 6. Bb5 Bg7 7. Ne5 Qc7 8. Nc3
O-O 9. Bxc6 bxc6 10. Na4 Ne4 11. O-O f6 12. Nf3 c4 13. d3 Nd6 14. Qe2 Rb8 15.
e4 Kh8 16. Rae1 cxd3 17. cxd3 dxe4 18. dxe4 Qa5 19. Qe3 Nc4 20. Qc3 Rb4 21. Ba1
c5 22. Rd1 Rxa4 23. bxa4 Qxc3 24. Bxc3 Ne3 25. Rfe1 Nxd1 26. Rxd1 Be6 27. Rb1
Rd8 28. Rb7 Rd3 29. Bb2 Bxa2 30. Rxe7 a6 31. Rc7 Rd1+ 32. Kf2 Rb1 33. Bc3 Kg8
34. Rxc5 Rc1 35. Nd4 Bf8 36. Rc6 Kf7 37. Ne2 Rc2 38. Ke3 Be7 39. Kd3 Bb1 40.
Ke3 Ba2 41. g4 Bb3 42. a5 Ba4 43. Rc7 Ke8 44. Kd3 h5 45. gxh5 gxh5 46. h4 Ra2
47. Nd4 Ra3 48. Kc4 Bd7 49. Rb7 Ra4+ 50. Kb3 Bc5 51. Rb8+ Kf7 52. Rd8 Ra3+ 53.
Kc4 Ke7 54. Rh8 Kd6 55. e5+ fxe5 56. fxe5+ Kc7 57. Kxc5 Rxc3+ 58. Kd5 Ra3 59.
e6 Rxa5+ 60. Ke4 Bxe6 61. Nxe6+ Kd6 62. Nd4 Rc5 63. Rh6+ Ke7 64. Nf5+ Kf7 65.
Rxh5 Rc1 66. Rh7+ Kg8 67. Ra7 1-0

[Event "GBR-ch87"]
[Site "Millfield"]
[Date "2000.08.03"]
[Round "4.14"]
[White "Hodgson, Julian"]
[Black "Lilley, Graham"]
[Result "1-0"]
[WhiteElo "2640"]
[BlackElo "2224"]
[PlyCount "65"]
[EventDate "2000.07.31"]
[EventType "swiss"]
[EventRounds "11"]
[EventCountry "GBR"]
[SourceTitle "BritBase"]
[SourceDate "2008.07.14"]
[SourceVersion "1"]
[SourceVersionDate "2008.07.14"]
[SourceQuality "2"]

1. d4 g6 2. e4 d6 3. Nc3 Nf6 4. Bg5 Bg7 5. f4 h6 6. Bh4 c5 7. e5 Nh5 8. dxc5
dxe5 9. Qxd8+ Kxd8 10. O-O-O+ Bd7 11. fxe5 Bxe5 12. Nd5 g5 13. Be1 Nc6 14. Nf3
Bg7 15. Bb5 e6 16. Bxc6 bxc6 17. Ba5+ Ke8 18. Nc7+ Ke7 19. Nxa8 Rxa8 20. Bc7
Nf4 21. Bd6+ Ke8 22. h4 f6 23. hxg5 fxg5 24. Be5 Bf8 25. Bxf4 gxf4 26. Ne5 Bc8
27. Rd6 Rb8 28. Rxc6 Bd7 29. Rc7 Bb5 30. c4 Kd8 31. Rf7 Bxc5 32. cxb5 Rxb5 33.
Rxh6 1-0

[Event "GBR-ch87"]
[Site "Millfield"]
[Date "2000.08.03"]
[Round "4.15"]
[White "Buckley, Simon"]
[Black "Wohl, Aleksandar"]
[Result "1/2-1/2"]
[WhiteElo "2237"]
[BlackElo "2461"]
[PlyCount "96"]
[EventDate "2000.07.31"]
[EventType "swiss"]
[EventRounds "11"]
[EventCountry "GBR"]
[SourceTitle "BritBase"]
[SourceDate "2008.07.14"]
[SourceVersion "1"]
[SourceVersionDate "2008.07.14"]
[SourceQuality "2"]

1. e4 Nf6 2. e5 Nd5 3. d4 d6 4. c4 Nb6 5. exd6 exd6 6. Nc3 Nc6 7. Be3 Be7 8.
Qf3 O-O 9. O-O-O Be6 10. c5 Nd7 11. h3 dxc5 12. d5 Nce5 13. Qe2 Bf5 14. g4 Bg6
15. f4 Nd3+ 16. Rxd3 Bxd3 17. Qxd3 a6 18. Bg2 Bd6 19. Nf3 b5 20. Ng5 g6 21.
Nce4 Qe7 22. h4 Rae8 23. Bd2 h6 24. Qh3 Nf6 25. Nxf6+ Qxf6 26. Ne4 Rxe4 27.
Bxe4 Bxf4 28. Qc3 Bxd2+ 29. Qxd2 Re8 30. g5 Qe5 31. Bf3 Qg3 32. Bd1 hxg5 33.
hxg5 Re5 34. d6 cxd6 35. Qxd6 Qf4+ 36. Kb1 Qe4+ 37. Kc1 Qf4+ 38. Qd2 Qxg5 39.
Qxg5 Rxg5 40. Bf3 c4 41. Rd1 Rf5 42. Bb7 a5 43. Rd5 Rf1+ 44. Kd2 b4 45. Rxa5
Rf2+ 46. Kc1 Rf1+ 47. Kd2 Rf2+ 48. Kc1 Rf1+ 1/2-1/2

[Event "GBR-ch87"]
[Site "Millfield"]
[Date "2000.08.03"]
[Round "4.16"]
[White "Willmoth, Robert"]
[Black "Crouch, Colin"]
[Result "0-1"]
[WhiteElo "2211"]
[BlackElo "2448"]
[PlyCount "56"]
[EventDate "2000.07.31"]
[EventType "swiss"]
[EventRounds "11"]
[EventCountry "GBR"]
[SourceTitle "BritBase"]
[SourceDate "2008.07.14"]
[SourceVersion "1"]
[SourceVersionDate "2008.07.14"]
[SourceQuality "2"]

1. e4 Nf6 2. e5 Nd5 3. Bc4 Nb6 4. Be2 d6 5. exd6 cxd6 6. d4 Nc6 7. Nf3 g6 8. b3
Bg7 9. Bb2 O-O 10. O-O e5 11. d5 Nb4 12. c4 a5 13. Nc3 f5 14. a3 Na6 15. b4
axb4 16. axb4 Nxb4 17. Nd2 Rxa1 18. Qxa1 Nc2 19. Qb1 Nd4 20. Re1 Nd7 21. Ba3
Nc5 22. Bf1 Bh6 23. Re2 Bxd2 24. Rxd2 Nf3+ 25. gxf3 Qg5+ 26. Kh1 Qxd2 27. Nb5
Qxf2 28. Nxd6 Qxf3+ 0-1

[Event "GBR-ch87"]
[Site "Millfield"]
[Date "2000.08.03"]
[Round "4.17"]
[White "Kelly, Brian"]
[Black "Tan, Desmond"]
[Result "1-0"]
[WhiteElo "2426"]
[BlackElo "2203"]
[PlyCount "105"]
[EventDate "2000.07.31"]
[EventType "swiss"]
[EventRounds "11"]
[EventCountry "GBR"]
[SourceTitle "BritBase"]
[SourceDate "2008.07.14"]
[SourceVersion "1"]
[SourceVersionDate "2008.07.14"]
[SourceQuality "2"]

1. c4 c5 2. Nf3 b6 3. d4 cxd4 4. Nxd4 Bb7 5. Nc3 Nf6 6. f3 d6 7. e4 e6 8. Be2
Be7 9. O-O O-O 10. Be3 a6 11. Qd2 Re8 12. Rac1 Nbd7 13. Rfd1 Rc8 14. Bf1 Qc7
15. a3 Qb8 16. b4 Red8 17. Nb3 Bf8 18. Qf2 Bc6 19. Kh1 h6 20. Rc2 Re8 21. Rcc1
Kh7 22. Rb1 g6 23. a4 Ba8 24. a5 d5 25. exd5 exd5 26. Nxd5 Nxd5 27. cxd5 b5 28.
Nc5 Nxc5 29. Bxc5 Rcd8 30. Qa2 Qe5 31. d6 Re6 32. Re1 Qd5 33. Qxd5 Bxd5 34.
Rxe6 fxe6 35. Rc1 Bxd6 36. Bxd6 Rxd6 37. Rc7+ Kg8 38. Kg1 Rc6 39. Rxc6 Bxc6 40.
Kf2 Kf7 41. Ke3 e5 42. h4 Bd7 43. Bd3 Kf6 44. g3 g5 45. hxg5+ hxg5 46. Be4 Bc8
47. Bd5 Ke7 48. Ke4 Kd6 49. g4 Bd7 50. Bb7 Ke6 51. Ke3 Kd6 52. Bxa6 Kc7 53. Ke4
1-0

[Event "GBR-ch87"]
[Site "Millfield"]
[Date "2000.08.03"]
[Round "4.18"]
[White "Crawley, Gavin"]
[Black "Broomfield, Matthew"]
[Result "1-0"]
[WhiteElo "2401"]
[BlackElo "2192"]
[PlyCount "61"]
[EventDate "2000.07.31"]
[EventType "swiss"]
[EventRounds "11"]
[EventCountry "GBR"]
[SourceTitle "BritBase"]
[SourceDate "2008.07.14"]
[SourceVersion "1"]
[SourceVersionDate "2008.07.14"]
[SourceQuality "2"]

1. Nf3 Nf6 2. g3 d5 3. Bg2 Bg4 4. O-O Nbd7 5. h3 Bh5 6. c4 c6 7. d4 e6 8. cxd5
exd5 9. Bf4 Ne4 10. Nc3 Ndf6 11. Ne5 Be7 12. Qc2 Nd6 13. b4 Bg6 14. Qb3 Be4 15.
b5 cxb5 16. Nxb5 Bxg2 17. Nxd6+ Bxd6 18. Qb5+ Nd7 19. Kxg2 Bxe5 20. dxe5 O-O
21. Qxd5 Qc8 22. e6 Nb6 23. exf7+ Rxf7 24. Qb3 Qf5 25. f3 Kh8 26. Rad1 Qg6 27.
Rd6 Rf6 28. Rxf6 Qxf6 29. Be3 Qe5 30. Bxb6 axb6 31. e4 1-0

[Event "GBR-ch87"]
[Site "Millfield"]
[Date "2000.08.03"]
[Round "4.19"]
[White "Douglas, Timothy"]
[Black "Aarthie, Ramaswamy"]
[Result "1-0"]
[WhiteElo "2015"]
[BlackElo "2319"]
[PlyCount "99"]
[EventDate "2000.07.31"]
[EventType "swiss"]
[EventRounds "11"]
[EventCountry "GBR"]
[SourceTitle "BritBase"]
[SourceDate "2008.07.14"]
[SourceVersion "1"]
[SourceVersionDate "2008.07.14"]
[SourceQuality "2"]

1. e4 c5 2. Nc3 Nc6 3. f4 e6 4. Nf3 d6 5. Bb5 a6 6. Bxc6+ bxc6 7. d3 Ne7 8. O-O
Ng6 9. Qe1 Be7 10. Ne2 O-O 11. Ng3 Nh4 12. Bd2 f5 13. Kh1 Nxf3 14. Rxf3 Rb8 15.
Bc3 fxe4 16. dxe4 d5 17. Be5 Bd6 18. Bxd6 Qxd6 19. e5 Qe7 20. b3 Rb4 21. Qe3 g6
22. a3 Rb8 23. Qc3 Qa7 24. Nf1 a5 25. a4 Rb4 26. Qe3 Re4 27. Qf2 Ba6 28. Re1
Qf7 29. g3 Qf5 30. Ne3 Rxe3 31. Rexe3 c4 32. Qd2 c5 33. Qxa5 Bb7 34. Qb6 d4 35.
Qxb7 dxe3 36. Rxe3 Qxc2 37. Rf3 Rd8 38. Rf1 Rd2 39. a5 Qxb3 40. Qa8+ Kg7 41. a6
Qd3 42. Qb7+ Kh6 43. Rg1 Ra2 44. g4 Qd5+ 45. Qxd5 exd5 46. f5 Rxa6 47. f6 g5
48. Rf1 Ra8 49. e6 Rf8 50. e7 1-0

[Event "GBR-ch87"]
[Site "Millfield"]
[Date "2000.08.03"]
[Round "4.20"]
[White "Koneru, Humpy"]
[Black "Homer, Stephen"]
[Result "1-0"]
[WhiteElo "2286"]
[BlackElo "2030"]
[PlyCount "87"]
[EventDate "2000.07.31"]
[EventType "swiss"]
[EventRounds "11"]
[EventCountry "GBR"]
[SourceTitle "BritBase"]
[SourceDate "2008.07.14"]
[SourceVersion "1"]
[SourceVersionDate "2008.07.14"]
[SourceQuality "2"]

1. c4 e5 2. Nc3 Nf6 3. g3 d6 4. Bg2 Nbd7 5. Nf3 g6 6. O-O Bg7 7. d4 O-O 8. e4
c6 9. b3 Re8 10. Bb2 exd4 11. Nxd4 Nc5 12. Qc2 Qb6 13. Rfe1 Be6 14. Rad1 Rad8
15. h3 a5 16. Ba3 Nh5 17. Nce2 Bc8 18. Kh2 Na6 19. Bf3 Nb4 20. Qd2 Nf6 21. Nc3
Na6 22. Nc2 Nc5 23. Qe3 Qc7 24. Qd2 b6 25. Bg2 h5 26. Nd4 h4 27. Nxc6 hxg3+ 28.
fxg3 Qxc6 29. e5 Ng4+ 30. hxg4 Qd7 31. exd6 Rxe1 32. Rxe1 Qxg4 33. Nd5 Qh5+ 34.
Kg1 Ne6 35. Bb2 Ng5 36. Ne7+ Kf8 37. Bxg7+ Kxg7 38. Qd4+ f6 39. Nxc8 Rxc8 40.
Re7+ Nf7 41. d7 Rd8 42. Qd5 g5 43. g4 Qg6 44. Be4 1-0

[Event "GBR-ch87"]
[Site "Millfield"]
[Date "2000.08.03"]
[Round "4.23"]
[White "Hempson, Peter"]
[Black "Frost, Nicholas"]
[Result "1/2-1/2"]
[WhiteElo "2219"]
[BlackElo "2164"]
[PlyCount "81"]
[EventDate "2000.07.31"]
[EventType "swiss"]
[EventRounds "11"]
[EventCountry "GBR"]
[SourceTitle "BritBase"]
[SourceDate "2008.07.14"]
[SourceVersion "1"]
[SourceVersionDate "2008.07.14"]
[SourceQuality "2"]

1. c4 b6 2. Nc3 Bb7 3. d4 e6 4. Nf3 f5 5. g3 Nf6 6. Bg2 Be7 7. O-O O-O 8. d5
Na6 9. Nd4 Qc8 10. a3 Nc5 11. Qc2 a5 12. b3 g6 13. Bh6 Re8 14. Rad1 Bf8 15.
Bxf8 Rxf8 16. b4 axb4 17. axb4 Na6 18. Qb3 Kh8 19. f4 Ng4 20. Ncb5 Qe8 21. h3
Nf6 22. dxe6 Bxg2 23. Kxg2 dxe6 24. Nf3 Qe7 25. Ne5 Nxb4 26. Nxc7 Qxc7 27. Qxb4
Kg8 28. Qd6 Qxd6 29. Rxd6 Ra2 30. Rxb6 Rxe2+ 31. Rf2 Re3 32. Rf3 Re2+ 33. Rf2
Re3 34. Rfb2 Ne4 35. R6b3 Rxb3 36. Rxb3 Rd8 37. Rd3 Rb8 38. Kf3 Rb2 39. Rd8+
Kg7 40. Rd7+ Kg8 41. Rd8+ 1/2-1/2

[Event "GBR-ch87"]
[Site "Millfield"]
[Date "2000.08.03"]
[Round "4.24"]
[White "Obiamiwe, Paul"]
[Black "Kemp, Peter D"]
[Result "1/2-1/2"]
[WhiteElo "2065"]
[BlackElo "2214"]
[PlyCount "115"]
[EventDate "2000.07.31"]
[EventType "swiss"]
[EventRounds "11"]
[EventCountry "GBR"]
[SourceTitle "BritBase"]
[SourceDate "2008.07.14"]
[SourceVersion "1"]
[SourceVersionDate "2008.07.14"]
[SourceQuality "2"]

1. e4 Nc6 2. d4 d5 3. e5 Bf5 4. c3 f6 5. f4 Nh6 6. Nf3 e6 7. Be2 Be7 8. O-O O-O
9. h3 fxe5 10. fxe5 g5 11. Be3 Nf7 12. Nbd2 Kh8 13. Nh2 Rg8 14. Ng4 h5 15. Nf6
Bxf6 16. exf6 g4 17. hxg4 hxg4 18. Qe1 Qxf6 19. Qg3 Nh6 20. Bf4 Kh7 21. Kf2
Rae8 22. Rh1 Rg6 23. Rh5 e5 24. dxe5 Nxe5 25. Rah1 Nef7 26. Rxf5 Qxf5 27. Bd3
Re4 28. Bxe4 dxe4 29. Qe3 Ng5 30. Ke1 Ngf7 31. g3 Qd5 32. b3 c5 33. Ke2 Kg7 34.
c4 Qc6 35. Rh5 b6 36. Qc3+ Kg8 37. Rd5 Qe6 38. Qe3 Nf5 39. Qxe4 Ne7 40. Rh5 Qd7
41. Qa8+ Kg7 42. Be5+ Nxe5 43. Qh8+ Kf7 44. Rxe5 Re6 45. Qh5+ Kf8 46. Qh8+ Kf7
47. Ne4 Rxe5 48. Qxe5 Nf5 49. Qf6+ Kg8 50. Qg6+ Kf8 51. Qf6+ Kg8 52. Qe5 Kf7
53. Ng5+ Kg6 54. Ne6 Qd6 55. Nf4+ Kg5 56. Ne6+ Kg6 57. Nf4+ Kg5 58. Ne6+
1/2-1/2

[Event "GBR-ch87"]
[Site "Millfield"]
[Date "2000.08.03"]
[Round "4.25"]
[White "Pleasants, Allan"]
[Black "Jackson, Oliver"]
[Result "1/2-1/2"]
[WhiteElo "2040"]
[BlackElo "2209"]
[PlyCount "120"]
[EventDate "2000.07.31"]
[EventType "swiss"]
[EventRounds "11"]
[EventCountry "GBR"]
[SourceTitle "BritBase"]
[SourceDate "2008.07.14"]
[SourceVersion "1"]
[SourceVersionDate "2008.07.14"]
[SourceQuality "2"]

1. Nf3 d6 2. d4 Bg4 3. e4 Nd7 4. Be2 e5 5. Nc3 g6 6. Bg5 f6 7. Be3 Be6 8. Qd2
Bg7 9. O-O-O Ne7 10. h4 h5 11. Kb1 a6 12. d5 Bf7 13. g3 b5 14. Nh2 Nc8 15. f4
Ncb6 16. Bd3 Qb8 17. Nf3 Qb7 18. fxe5 dxe5 19. Qf2 b4 20. Ne2 Na4 21. Rhf1 O-O
22. g4 hxg4 23. Nh2 f5 24. Bc1 Ndc5 25. exf5 Bxd5 26. Nxg4 e4 27. f6 exd3 28.
cxd3 Nxd3 29. Qd4 Rad8 30. Qg1 Nxc1 31. Rxc1 Be4+ 32. Ka1 Nxb2 33. Qe3 Na4 34.
h5 Qd5 35. hxg6 Rxf6 36. Rxf6 Qf5 37. Qb3+ Bd5 38. Nh6+ Bxh6 39. Rxf5 Bg7+ 40.
Kb1 Bxb3 41. axb3 Rd2 42. Rxc7 Rb2+ 43. Kc1 Bh6+ 44. Nf4 Bxf4+ 45. Rxf4 Rxb3
46. Ra7 Nb6 47. Rb7 Rc3+ 48. Kd1 Nd5 49. Rff7 Rc8 50. Rg7+ Kh8 51. Rh7+ Kg8 52.
Rbg7+ Kf8 53. Rd7 Nc3+ 54. Kd2 Kg8 55. Rhg7+ Kh8 56. Rh7+ Kg8 57. Rh4 Rc5 58.
Rxb4 Rd5+ 59. Rxd5 Nxd5 60. Ra4 Kg7 1/2-1/2

[Event "GBR-ch87"]
[Site "Millfield"]
[Date "2000.08.03"]
[Round "4.26"]
[White "Briggs, Philip"]
[Black "Freeman, Gordon"]
[Result "1-0"]
[WhiteElo "2200"]
[BlackElo "2047"]
[PlyCount "107"]
[EventDate "2000.07.31"]
[EventType "swiss"]
[EventRounds "11"]
[EventCountry "GBR"]
[SourceTitle "BritBase"]
[SourceDate "2008.07.14"]
[SourceVersion "1"]
[SourceVersionDate "2008.07.14"]
[SourceQuality "2"]

1. e4 c5 2. c3 Nf6 3. e5 Nd5 4. d4 cxd4 5. Bc4 e6 6. Bxd5 exd5 7. Qxd4 d6 8.
Qxd5 Nc6 9. exd6 Bxd6 10. Qe4+ Be6 11. Nf3 Qa5 12. Bf4 O-O-O 13. O-O Rhe8 14.
Bxd6 Bf5 15. Qc4 Rxd6 16. Nbd2 Bd3 17. Qg4+ f5 18. Qf4 Qd8 19. Rfe1 Be4 20.
Nxe4 fxe4 21. Ng5 e3 22. fxe3 Ne5 23. Nf7 Nxf7 24. Qxf7 Rd2 25. Re2 Rd7 26. Qf5
Rf8 27. Qg4 Kb8 28. Rf1 Rxf1+ 29. Kxf1 Rf7+ 30. Rf2 Qd3+ 31. Qe2 Qb1+ 32. Qe1
Rxf2+ 33. Kxf2 Qxb2+ 34. Kf3 Qxa2 35. Qg3+ Ka8 36. Qxg7 a5 37. e4 a4 38. Qh8+
Ka7 39. Qd4+ Ka6 40. e5 a3 41. Qd6+ Ka7 42. e6 Qb3 43. Qc5+ Ka6 44. e7 Qf7+ 45.
Ke4 a2 46. Qa3+ Kb5 47. Qb4+ Kc6 48. Qa4+ b5 49. Qa8+ Kb6 50. Qb8+ Ka6 51. e8=Q
Qc4+ 52. Kf5 Qf1+ 53. Ke6 Qc4+ 54. Kd7 1-0

[Event "GBR-ch87"]
[Site "Millfield"]
[Date "2000.08.03"]
[Round "4.27"]
[White "Rudd, Jack"]
[Black "Morgan, Ben"]
[Result "1-0"]
[WhiteElo "2176"]
[BlackElo "2035"]
[PlyCount "147"]
[EventDate "2000.07.31"]
[EventType "swiss"]
[EventRounds "11"]
[EventCountry "GBR"]
[SourceTitle "BritBase"]
[SourceDate "2008.07.14"]
[SourceVersion "1"]
[SourceVersionDate "2008.07.14"]
[SourceQuality "2"]

1. e4 c5 2. Nf3 Nc6 3. d4 cxd4 4. Nxd4 g6 5. c4 Bg7 6. Be3 Nf6 7. Nc3 O-O 8.
Be2 d6 9. O-O Bd7 10. f4 Qb6 11. Nc2 Qd8 12. Rc1 a5 13. a3 a4 14. c5 Ne8 15.
Nd5 Be6 16. Nb6 Ra5 17. cxd6 Nxd6 18. e5 Nf5 19. Bf2 Bb3 20. g4 Bxc2 21. Rxc2
Nfd4 22. Rxc6 Nxc6 23. Nd7 Re8 24. Bb6 Qa8 25. Qd2 Ra6 26. Qe3 Rc8 27. Qf2 Nb8
28. Bxa6 Qxa6 29. Nxb8 Rxb8 30. Rc1 Qb5 31. Rc3 f6 32. exf6 Bxf6 33. Rc2 Qd7
34. h3 Rf8 35. Qd2 Qe6 36. Qe3 Qd6 37. Rd2 Qc6 38. Kh2 Rc8 39. Ba5 Kf7 40. Bb4
Rc7 41. g5 Bg7 42. Re2 Qd7 43. Qf3 Qf5 44. Kg3 Rd7 45. Re3 Bxb2 46. Qe2 e5 47.
fxe5 Qxg5+ 48. Kf2 Qh4+ 49. Kf1 Bxe5 50. Rxe5 Qxh3+ 51. Ke1 Qh1+ 52. Qf1+ Qxf1+
53. Kxf1 Rc7 54. Kf2 Kf6 55. Ra5 b5 56. Rxb5 Ra7 57. Bc3+ Ke6 58. Kg3 Ra6 59.
Kg4 h6 60. Bg7 h5+ 61. Kg5 Kd7 62. Rb4 Kc6 63. Kxg6 Rb6 64. Rh4 Rb5 65. Bf8 Kb6
66. Kf6 Ka5 67. Ke6 Rg5 68. Be7 Rb5 69. Bd8+ Ka6 70. Rxa4+ Kb7 71. Kd6 Rf5 72.
Rb4+ Ka7 73. Kc6 Rf7 74. Bc7 1-0

[Event "GBR-ch87"]
[Site "Millfield"]
[Date "2000.08.03"]
[Round "4.28"]
[White "Howell, David W"]
[Black "Wise, David"]
[Result "1/2-1/2"]
[WhiteElo "2020"]
[BlackElo "2173"]
[PlyCount "99"]
[EventDate "2000.07.31"]
[EventType "swiss"]
[EventRounds "11"]
[EventCountry "GBR"]
[SourceTitle "BritBase"]
[SourceDate "2008.07.14"]
[SourceVersion "1"]
[SourceVersionDate "2008.07.14"]
[SourceQuality "2"]

1. e4 c5 2. c3 d5 3. exd5 Qxd5 4. d4 Nf6 5. Nf3 e6 6. Bd3 Be7 7. O-O O-O 8. Be3
Nc6 9. dxc5 Rd8 10. Bc2 Qxd1 11. Rxd1 Rxd1+ 12. Bxd1 Ng4 13. b4 Nxe3 14. fxe3
a5 15. b5 Na7 16. a4 Bxc5 17. Kf2 b6 18. Ne5 Bb7 19. Nd7 Rc8 20. Ra2 f5 21. Rd2
Be4 22. Bb3 Kf7 23. Nxc5 Rxc5 24. Rd7+ Kf6 25. Nd2 Nc8 26. c4 h6 27. Kg3 g5 28.
Bd1 Ke5 29. Be2 Bc2 30. Nf3+ Kf6 31. Nd4 Bxa4 32. Nc6 Bc2 33. Bh5 f4+ 34. Kf2
Bg6 35. Bxg6 Kxg6 36. Rd8 Ne7 37. Nxe7+ Kf6 38. Nc6 Rxc4 39. exf4 Rc5 40. Na7
a4 41. fxg5+ hxg5 42. Rd4 a3 43. Ra4 Rc2+ 44. Kf3 a2 45. h3 Rc3+ 46. Kf2 Rc2+
47. Kg3 Ke5 48. Nc6+ Kd6 49. Kf3 Rc3+ 50. Ke2 1/2-1/2

[Event "GBR-ch87"]
[Site "Millfield"]
[Date "2000.08.03"]
[Round "4.29"]
[White "Collins, Sam IRL"]
[Black "Snape, Ian"]
[Result "1/2-1/2"]
[WhiteElo "2172"]
[BlackElo "2170"]
[PlyCount "64"]
[EventDate "2000.07.31"]
[EventType "swiss"]
[EventRounds "11"]
[EventCountry "GBR"]
[SourceTitle "BritBase"]
[SourceDate "2008.07.14"]
[SourceVersion "1"]
[SourceVersionDate "2008.07.14"]
[SourceQuality "2"]

1. e4 c5 2. Nf3 d6 3. d4 cxd4 4. Nxd4 Nf6 5. Nc3 g6 6. Be3 Bg7 7. f3 O-O 8. Qd2
Nc6 9. O-O-O d5 10. Qe1 e5 11. Nxc6 bxc6 12. exd5 Nxd5 13. h4 Be6 14. h5 Qe7
15. hxg6 fxg6 16. Ne4 Nxe3 17. Qxe3 Bxa2 18. b3 Qa3+ 19. Kd2 Rfd8+ 20. Ke1
Rxd1+ 21. Kxd1 Rd8+ 22. Ke1 Rd4 23. Kf2 Qb2 24. Qc3 Qxc3 25. Nxc3 Rd2+ 26. Kg3
Rxc2 27. Bc4+ Kh8 28. Nxa2 Rxa2 29. Bd3 Kg8 30. Bc4+ Kh8 31. Bd3 Kg8 32. Bc4+
Kh8 1/2-1/2